Don't ignore the signs (Record no. 72033)

MARC details
000 -LEADER
fixed length control field 01360cam a2200289 4500
001 - CONTROL NUMBER
control field ABS66329
008 - FIXED-LENGTH DATA ELEMENTS--GENERAL INFORMATION
fixed length control field 030203n2002 000 0 eng u
035 ## - SYSTEM CONTROL NUMBER
System control number (Sirsi) u121213
100 ## - MAIN ENTRY--PERSONAL NAME
Personal name Davies, J.
245 ## - TITLE STATEMENT
Title Don't ignore the signs
260 ## - PUBLICATION, DISTRIBUTION, ETC.
Date of publication, distribution, etc. 2002
490 ## - SERIES STATEMENT
Series statement Estate Agent
Volume/sequential designation December 2002,14(1)
520 ## - SUMMARY, ETC.
Summary, etc. Discusses the need for businesses in a period of high corporate and individual insolvency to help themselves by looking out for financial warning signs. Examines the following signs: inadequate credit control, impending material bad debts, overtrading, high level of contingent liabilities, unreliable past financial assumptions and forecasts, and reducing gross margins. Notes that the Enterprise Act 2002, coming into force in 2003-04, has as one of its key objectives to assist companies in financial difficulties with rescue procedures to stave off liquidation. The Enterprise Act 2002 is available at www.hmso.gov.uk/acts.htm.
590 ## - LOCAL NOTE (RLIN)
Local note ABS
650 ## - SUBJECT ADDED ENTRY--TOPICAL TERM
Topical term or geographic name entry element ENTERPRISE ACT 2002
650 ## - SUBJECT ADDED ENTRY--TOPICAL TERM
Topical term or geographic name entry element LIQUIDATION
650 ## - SUBJECT ADDED ENTRY--TOPICAL TERM
Topical term or geographic name entry element CORPORATE INSOLVENCY
650 ## - SUBJECT ADDED ENTRY--TOPICAL TERM
Topical term or geographic name entry element INSOLVENCIES
650 ## - SUBJECT ADDED ENTRY--TOPICAL TERM
Topical term or geographic name entry element CREDIT CONTROL
650 ## - SUBJECT ADDED ENTRY--TOPICAL TERM
Topical term or geographic name entry element BAD DEBTS
650 ## - SUBJECT ADDED ENTRY--TOPICAL TERM
Topical term or geographic name entry element FINANCIAL CONTROL
650 ## - SUBJECT ADDED ENTRY--TOPICAL TERM
Topical term or geographic name entry element CONTINGENT LIABILITIES
650 ## - SUBJECT ADDED ENTRY--TOPICAL TERM
Topical term or geographic name entry element FINANCIAL FORECASTS
650 ## - SUBJECT ADDED ENTRY--TOPICAL TERM
Topical term or geographic name entry element SMALL BUSINESSES
690 ## - LOCAL SUBJECT ADDED ENTRY--TOPICAL TERM (OCLC, RLIN)
Topical term or geographic name as entry element MANAGEMENT-BUSINESS MANAGEMENT
942 ## - ADDED ENTRY ELEMENTS (KOHA)
Suppress in OPAC 0
Holdings
Withdrawn status Lost status Source of classification or shelving scheme Damaged status Not for loan Home library Current library Shelving location Date acquired Total Checkouts Full call number Barcode Date last seen Copy number Price effective from Koha item type
    Dewey Decimal Classification     London London Journal article 03/02/2003   ABS66329 121213-1001 06/08/2019 1 06/08/2019 Journal article